| 000 | 00600nam a2200193Ia 4500 | ||
|---|---|---|---|
| 008 | 151121s9999||||xx |||||||||||||| ||und|| | ||
| 082 | _a813/शिरव | ||
| 082 | _bHNW-116042 | ||
| 100 | _aशिरवळकर सुहास | ||
| 245 | _aखजिना | ||
| 260 | _b"दिलीपराज प्रकाशन प्रा। लि।, पुणे।" | ||
| 260 | _c2014 | ||
| 300 | _a224 | ||
| 600 | _aशिरवळकर सुहास | ||
| 630 | _aखजिना | ||
| 700 | _aशिरवळकर सुहास | ||
| 730 | _aखजिना | ||
| 942 | _cBOOK | ||
| 999 |
_c1264720 _d1264717 |
||